| 000 | 01217nam0a22003131 4500 | ||
|---|---|---|---|
| 001 | RU\INFOCOMM_322\NLR\5000106127 | ||
| 005 | 20250613104159.0 | ||
| 035 | _a(NLR Aleph) 009488632 | ||
| 090 |
_a8634039 _c8634039 |
||
| 100 | _a20121213d1987 |||y0rusy50 ca | ||
| 101 | 0 | _aeng | |
| 102 | _aRU | ||
| 105 | _ay z ||||| | ||
| 200 | 1 |
_aExplicit analytical expression for transitional current Jμ=ū (pʹ, sʹ)γμ u (p, s) _fM. I. Krivoruchenko |
|
| 210 |
_aM. _cAtominform _d1987 |
||
| 215 |
_a3 с. _d20 см |
||
| 225 | 1 |
_aPreprint _fInst. of theoretical a. experimental physics _vN 184 |
|
| 300 | _aПеред вып. дан.: Явное аналитическое выражение для тока перехода Jμ=ū (pʹ, sʹ)γμu(p, s) / М. И. Криворученко | ||
| 320 | _aБиблиогр.: с. 3 | ||
| 606 | 0 |
_aКвантовая хромодинамика _9912362 _3RU\NLR\AUTH\6613752 |
|
| 620 | _aМосква | ||
| 686 |
_aВ382.145 _2rubbk |
||
| 700 | 1 |
_9z01790 _aKrivoručenko _bM. I. _gMichail Ivanovič |
|
| 790 | 1 |
_9z01700 _aKrivoruchenko _bM. I. _4070 |
|
| 801 | 1 |
_aRU _bNLR _c20121213 |
|
| 801 | 0 |
_aRU _bINFOCOMM _gPSBO |
|
| 852 |
_aNLR _jФз01 Д-4/4831 |
||
| 942 | _cBOOK | ||
| 980 | _aNB | ||